Vorsicht Sicherheit: am Ende staatlicher Neutralisierung?

Saved in:  
Bibliographic Details
Main Author: Preuss, Ulrich Klaus (Author)
Format: Print Article
Language:German
Published: 1989
In: Merkur
Year: 1989, Volume: 43, Pages: 487-498
Check availability: HBZ Gateway
Keywords:

MARC

LEADER 00000caa a22000002c 4500
001 1629135836
003 DE-627
005 20220607112905.0
007 tu
008 121113s1989 gw ||||| 00| ||ger c
035 |a (DE-627)1629135836 
035 |a (DE-576)374742804 
035 |a (DE-599)BSZ374742804 
040 |a DE-627  |b ger  |c DE-627  |e rakwb 
041 |a ger 
044 |c XA-DE 
100 1 |a Preuss, Ulrich Klaus  |4 aut 
245 1 0 |a Vorsicht Sicherheit  |b am Ende staatlicher Neutralisierung?  |c Ulrich K. Preuss 
264 1 |c 1989 
336 |a Text  |b txt  |2 rdacontent 
337 |a ohne Hilfsmittel zu benutzen  |b n  |2 rdamedia 
338 |a Band  |b nc  |2 rdacarrier 
773 0 8 |i In  |t Merkur  |d Stuttgart : Klett-Cotta, 1947  |g 43(1989), Seite 487-498  |w (DE-627)129081663  |w (DE-600)3494-0  |w (DE-576)014414562  |x 0026-0096  |7 nnas 
773 1 8 |g volume:43  |g year:1989  |g pages:487-498 
951 |a AR 
ELC |b 1 
LOK |0 000 xxxxxcx a22 zn 4500 
LOK |0 001 3276416131 
LOK |0 003 DE-627 
LOK |0 004 1629135836 
LOK |0 005 20150218121251 
LOK |0 008 150218||||||||||||||||ger||||||| 
LOK |0 040   |a DE-21-110  |c DE-627  |d DE-21-110 
LOK |0 689   |a s  |a Sicherheitsstaat 
LOK |0 852   |z Kein Bestand am IfK; Nachweis für KrimDok 
LOK |0 852   |a DE-21-110 
LOK |0 852 1  |m v  |9 00 
LOK |0 935   |a k110 
LOK |0 938   |k v 
LOK |0 939   |a 18-02-15  |b l01 
ORI |a SA-MARC-krimdoka001.raw